000 00321nam a22001457a 4500
008 221108b ||||| |||| 00| 0 eng d
020 _a0202260798
041 _aeng
080 _2SECOND EDITION
_a616
082 _a616 PAG
100 _a14.2
101 _aPATO
245 _aPSYCHOPATHOLOGY
_cPAGE.J
942 _2udc
_cBK
999 _c58778
_d58778